000 00252nam a22001217a 4500
008 181214b xxu||||| |||| 00| 0 eng d
041 _aeng
080 _a616.12
100 _a7
101 _aKAR
245 _aHeart Sounds
_cJames.[
942 _2udc
_cBK
999 _c53129
_d53129